Základný ukazovateľ trhu
Základom porovnávania poisťovní je podiel na trhu podľa predpísaného poistného . Charakteristika a význam predpísaného poistného. Zmeny vo vykazovaní predpísaného poistného. Predpísané poistné a klient.
Salvato in:
| Autore principale: | |
|---|---|
| Natura: | Capitolo di libro |
| Lingua: | slovacco |
| Soggetti: | |
| Tags: |
Nessun Tag, puoi essere il primo ad aggiungerne!!
|
MARC
| LEADER | 00000naa$a2200000$$$4500 | ||
|---|---|---|---|
| 001 | 0078868 | ||
| 005 | 20240502071913.8 | ||
| 041 | 0 | |a slo | |
| 044 | |a SK | ||
| 245 | 1 | 0 | |a Základný ukazovateľ trhu |c Pavel Škriniar |
| 520 | |a Základom porovnávania poisťovní je podiel na trhu podľa predpísaného poistného . Charakteristika a význam predpísaného poistného. Zmeny vo vykazovaní predpísaného poistného. Predpísané poistné a klient. | ||
| 610 | 2 | 0 | |a poistenie neživotné |
| 610 | 2 | 0 | |a poistenie životné |
| 610 | 2 | 0 | |a poistné |
| 610 | 2 | 0 | |a klienti |
| 100 | 1 | |a Škriniar, Pavel, 1979- | |